Engineering problem solving with C (Record no. 172172)

MARC details
000 -LEADER
fixed length control field 00378nam a2200145Ia 4500
008 - FIXED-LENGTH DATA ELEMENTS--GENERAL INFORMATION
fixed length control field 230917s9999||||xx |||||||||||||| ||und||
040 ## - CATALOGING SOURCE
-- 205139
Original cataloging agency VIVEKANANDA LIBRARY
041 ## - Language
-- English
082 ## - DDC NUMBER
Classification number 005.133 E75E(3)
100 ## - MAIN ENTRY--PERSONAL NAME
Personal name Etter, Delores M
245 #0 - TITLE STATEMENT
Title Engineering problem solving with C
260 ## - PUBLICATION, DISTRIBUTION, ETC. (IMPRINT)
Place of publication, distribution, etc New Delhi
Name of publisher, distributor, etc Pearson Education
Date of publication, distribution, etc 2012
300 ## - PHYSICAL DESCRIPTION
Pages xxii, 448 p.
942 ## - ADDED ENTRY ELEMENTS (KOHA)
Koha item type Books
Holdings
Withdrawn status Lost status Damaged status Not for loan Location (home branch) Sublocation or collection (holding branch) Shelving location Date acquired Koha issues (times borrowed) Koha full call number Accession No. Koha date last seen Koha item type
        VIVEKANANDA LIBRARY VIVEKANANDA LIBRARY UIET Library 31/01/2013 1 005.133 E75E(3) 322342 08/01/2024 Books
        VIVEKANANDA LIBRARY VIVEKANANDA LIBRARY UIET Library 31/01/2013 1 005.133 E75E(3) 322343 15/01/2024 Books
        VIVEKANANDA LIBRARY VIVEKANANDA LIBRARY UIET Library 31/01/2013 1 005.133 E75E(3) 322344 20/11/2023 Books
        VIVEKANANDA LIBRARY VIVEKANANDA LIBRARY UIET Library 31/01/2013   005.133 E75E(3) 322345 17/09/2023 Books
        VIVEKANANDA LIBRARY VIVEKANANDA LIBRARY UIET Library 31/01/2013 2 005.133 E75E(3) 322346 20/12/2024 Books
© Designed and Maintained by Vivekananda Library, MDU Rohtak